书目信息 |
| 题名: |
教育 人性建构
|
|
| 作者: | 薛忠祥 | |
| 分册: | ||
| 出版信息: | 北京 大众文艺出版社 2009.03 |
|
| 页数: | 156页 | |
| 开本: | 20cm | |
| 丛书名: | ||
| 单 册: | ||
| 中图分类: | B82-061 | |
| 科图分类: | ||
| 主题词: | 伦理学 | |
| 电子资源: | ||
| ISBN: | 978-7-80171-381-0 | |
| 000 | 00570nam0 2200217 45 | |
| 001 | 0956091780 | |
| 005 | 20091016153707.43 | |
| 010 | @a978-7-80171-381-0@dCNY27.00 | |
| 100 | @a20090515d2009 ekmy0 y0120 ea | |
| 102 | @aCN@b130000 | |
| 102 | @aCN@b110000 | |
| 105 | @ay z 000yy | |
| 200 | 1 | @a教育 人性建构@f薛忠祥@Fxue zhong xiang |
| 210 | @a北京@c大众文艺出版社@d2009.03 | |
| 215 | @a156页@d20cm | |
| 606 | 0 | @a伦理学 |
| 690 | @aB82-061@v4 | |
| 701 | 0 | @a薛忠祥@Axue zhong xiang |
| 801 | 0 | @aCN@c20091016 |
| 905 | @a10447@dB82-061@eX970 | |
| 906 | @d27@n3@r1 | |
| 教育 人性建构/薛忠祥.-北京:大众文艺出版社,2009.03 |
| 156页;20cm |
| ISBN 978-7-80171-381-0:CNY27.00 |
| ● |
| 相关链接 |
|
|
|
正题名:教育 人性建构
索取号:B82-061/X970
 
预约/预借
| 序号 | 登录号 | 条形码 | 馆藏地/架位号 | 状态 | 备注 |
| 1 | 655424 | 206554245 | 社科库509/509社科库 21排2列4层/ [索取号:B82-061/X970] | 在馆 | |
| 2 | 655425 | 206554254 | 社科库509/509社科库 21排2列4层/ [索取号:B82-061/X970] | 在馆 | |
| 3 | 655426 | 206554263 | 社科库509/509社科库 21排2列4层/ [索取号:B82-061/X970] | 在馆 |